000 00365nam a2200133Ia 4500
005 20260328101443.0
008 260328s9999||||xx |||||||||||||| ||und||
100 _aToca, Antonio
245 0 _aNueva Arquitectura en América Latina :
_b Presente y Futuro /
_cAntonio Toca
260 _bGustavo Gili
300 _a284 p.
650 _aARQUITECTURA MODERNA
942 _cBK
999 _c8367
_d8367